Mystical Discourses of Ghaus-e-Azam (Record no. 351635)
[ view plain ]
| 000 -LEADER | |
|---|---|
| fixed length control field | 00560nam a22001817a 4500 |
| 003 - CONTROL NUMBER IDENTIFIER | |
| control field | OSt |
| 005 - DATE AND TIME OF LATEST TRANSACTION | |
| control field | 20231214143320.0 |
| 008 - FIXED-LENGTH DATA ELEMENTS--GENERAL INFORMATION | |
| fixed length control field | 160815b xxu||||| |||| 00| 0 eng d |
| 020 ## - INTERNATIONAL STANDARD BOOK NUMBER | |
| International Standard Book Number | 0 |
| 040 ## - CATALOGING SOURCE | |
| Transcribing agency | 0 |
| 082 ## - DEWEY DECIMAL CLASSIFICATION NUMBER | |
| Classification number | 297.4804 |
| Author Mark | RIA |
| 100 ## - MAIN ENTRY--PERSONAL NAME | |
| Personal name | Muhammad Riaz Qadiri |
| 9 (RLIN) | 119747 |
| 245 ## - TITLE STATEMENT | |
| Title | Mystical Discourses of Ghaus-e-Azam |
| Remainder of title | Hazrat Shaikh syed Abdul Qadir Jilani (R.A) |
| Statement of responsibility, etc. | Muhammad Riaz Qadiri |
| 260 ## - PUBLICATION, DISTRIBUTION, ETC. | |
| Place of publication, distribution, etc. | Gujranwala Pakistan |
| Name of publisher, distributor, etc. | Abbasi Publications |
| Date of publication, distribution, etc. | 2002 |
| 300 ## - PHYSICAL DESCRIPTION | |
| Extent | 118 p. |
| Other physical details | PB |
| 440 ## - SERIES STATEMENT/ADDED ENTRY--TITLE | |
| Title | Mystical Discourses of Ghaus-e-Azam |
| 9 (RLIN) | 119748 |
| 942 ## - ADDED ENTRY ELEMENTS (KOHA) | |
| Source of classification or shelving scheme | |
| Koha item type | Book |
| Withdrawn status | Lost status | Source of classification or shelving scheme | Damaged status | Not for loan | Permanent Location | Current Location | Shelving location | Date acquired | Full call number | Barcode | Date last seen | Price effective from | Koha item type |
|---|---|---|---|---|---|---|---|---|---|---|---|---|---|
| Central Library (CL) | Central Library (CL) | General Stacks | 08/15/2016 | 297.4804 RIA | NBSD-2730 | 08/15/2016 | 08/15/2016 | Book |
